00510nam a2200169Ia 4500100002600000250000600026942000700032366000700039654001300046245006000059260002400119082001400143300000800157546001200165999001700177952014600194 aTanenbaum /Andrew S.  a4 cBK f20 acomputer aComputer Networks : Protocols standards and interfaces bprentice hallc2003 a4.65bTAN a891 aENGLISH c28149d28149 001040708CRCaCRCEbCRCEd2023-03-17eNandug200.00i736 dt 28/08/2004l2o4.65 TANp15120r2024-12-04s2024-07-18v250.00w2004-08-28yBK